000 00748nam a2200265Ia 4500
003 OSt
005 20220926020008.0
006 a|||||r|||| 00| 0
007 ta
008 220923b |||||||| |||| 00| 0 eng d
020 _a013297441X
037 _cGeneral Book
040 _aRTL
_cRTL
_beng
041 _2eng
_aeng
082 _aXM5:8, N3
100 _aJohnson Gerry
_9277671
245 0 _aExploring corporate strategy
_b Text and cases
250 _a3rd
260 _aNew York
_bPrentice Hall USA
_c1993
300 _axxiv, 733p
_ccm.
650 _aJoint Stock Companies
_9230681
700 _a Scholes Kevan
_9285472
942 _hXM5:8, N3
_cGB
_2CC
999 _c632975
_d632975